Réflexions et prieres dans l´ espace-temps

Gorde:
Xehetasun bibliografikoak
Egile nagusia: Teilhard de Chardin, Pierre
Formatua: Liburua
Hizkuntza:Undetermined
Argitaratua: París, Francia Editionsde Seuil 1972
Gaiak:
Etiketak: Etiketa erantsi
Etiketarik gabe, Izan zaitez lehena erregistro honi etiketa jartzen!

MARC

LEADER 00000nam a2200000Ia 4500
008 170316s9999 xx 000 0 und d
090 |a 100 T-4r 
100 |a Teilhard de Chardin, Pierre 
245 |a Réflexions et prieres dans l´ espace-temps 
260 |a París, Francia 
260 |b Editionsde Seuil 
260 |c 1972 
300 |a 158 páginas 
650 |a FILOSOFÍA 
999 |c 17795  |d 17795 
040 |a cru BVZT 
942 |c 15 D  |h 100 T-4r  |2 z